[Event "GER-ch U12 Girls"]
[Site "Willingen"]
[Date "2023.05.30"]
[Round "4"]
[White "Albrecht, Sidney Jenna"]
[Black "Averkova, Mariia"]
[Result "0-1"]
[WhiteElo "1079"]
[BlackElo "1367"]
[PlyCount "122"]
[EventDate "2023.05.27"]
[EventType "swiss"]
[EventRounds "9"]
[EventCountry "GER"]
[SourceTitle "CBM 214 Extra"]
[Source "ChessBase"]
[SourceDate "2023.07.31"]
[SourceVersion "1"]
[SourceVersionDate "2023.07.31"]
[SourceQuality "1"]

1. c4 d5 2. cxd5 Qxd5 3. Nc3 Qa5 4. g3 c6 5. Bg2 Bg4 6. Nf3 Nf6 7. 0-0 e6 8. a3 Qc7 9. d4 Nbd7 10. e4 Be7 11. Bf4 Qd8 12. Qd3 0-0 13. Rfe1 Nb6 14. Ne5 Bh5 15. h3 Bd6 16. g4 Bxe5 17. Bxe5 Bg6 18. f4 Nxg4 19. hxg4 f6 20. f5 fxe5 21. fxg6 Qf6 22. gxh7+ Kh8 23. Rf1 Qh4 24. dxe5 Qxg4 25. Rf3 Rxf3 26. Qxf3 Qxf3 27. Bxf3 Nc4 28. Kf2 Nxe5 29. Rd1 Rf8 30. Ke2 Rxf3 31. Rh1 Rg3 32. Nd1 Nc4 33. Kf2 Rb3 34. Ke2 Nxb2 35. Nxb2 Rxb2+ 36. Kf3 Rb5 37. Ke3 a5 38. Kf4 Rc5 39. e5 Rc2 40. Kg5 Rg2+ 41. Kf4 Rg6 42. Ke4 Rh6 43. Rxh6 gxh6 44. Kd4 b6 45. Kc4 Kxh7 46. a4 h5 47. Kd4 h4 48. Ke4 h3 49. Kd4 h2 50. Ke4 h1Q+ 51. Kf4 Qe1 52. Kf3 Qxe5 53. Kf2 Qc3 54. Ke2 Kg6 55. Kf2 Qd3 56. Kg2 Kg5 57. Kf2 Kg4 58. Ke1 Qc2 59. Kf1 Qd2 60. Kg1 Kg3 61. Kh1 Qe1# 0-1